Manual del cultivo del kiwi: actinidia chinesis

Uloženo v:
Podrobná bibliografie
Korporativní autor: Centro de Información de Recursos Naturales, Chile (Autor)
Médium: Kniha
Jazyk:španělština
Vydáno: Santiago CIREN 1988
Edice:Publicaciones CIREN, 73
Témata:
Tagy: Přidat tag
Žádné tagy, Buďte první, kdo vytvoří štítek k tomuto záznamu!

MARC

LEADER 00000nam a2200000 a 4500
001 UCV7368
003 CL-VaPUC
008 911004e19880000CL |||||||||||||||||spa|d
082 0 4 |a 634.725  |b CEN  |2 21 
110 2 |a Centro de Información de Recursos Naturales, Chile  |e author  |9 301469 
245 1 0 |a Manual del cultivo del kiwi: actinidia chinesis 
300 |a 61 p 
942 |c BK 
945 |d 19911004 00:00:00 
260 |a Santiago  |b CIREN  |c 1988 
650 0 |a kiwi (Actinidia deliciosa)  |9 259698 
583 |a last modification  |c 20121108 09:53:35  |k Rodrigo Vera 
490 0 |a Publicaciones CIREN, 73 
999 |c 213059  |d 213057 
952 |0 0  |1 1  |2 ddc  |4 0  |6 634_725000000000000_CEN_1988  |7 0  |8 P  |9 195053  |a BIBAGR  |b BIBAGR  |d 2019-11-14  |i 2631717  |o 634.725 CEN 1988  |p 2631717  |r 2019-11-14  |w 2019-11-14  |y BK  |k AGR 
952 |0 0  |1 1  |2 ddc  |4 0  |6 634_725000000000000_CEN_1988  |7 0  |8 P  |9 195054  |a BIBAGR  |b BIBAGR  |d 2019-11-14  |i 3400050  |o 634.725 CEN 1988  |p 3400050  |r 2019-11-14  |w 2019-11-14  |y BK  |k AGR